000 00699nam1a22002291i 4500
001 rc\221308
005 20240723214552.0
035 _a(NLR Aleph) 005625305
090 _a6528666
_c6528666
100 _a20030307d1997| k y0rusy50 ca
101 0 _arus
102 _aRU
105 _ay z||||||||
200 1 _aЭтнические и региональные конфликты в Евразии
_e[сборник статей
_eв 3-х книгах]
210 _aМосква
_cВесь мир
_d1997
215 _d22
801 0 _aRU
_bNLR
_gpsbo
801 1 _aRU
_bELAR
_2rusmarc
801 2 _aRU
_bNLR
_c20170324
_2rusmarc
852 _aNLR
_j97-5/2327
852 _aNLR
_bМф
_jК1/31684 (1-2)
942 _cBOOK